00878cam a2200265 a 450000100090000000300040000900500170001300800410003001000170007102000150008803500230010304000180012604200140014404300120015808200160017011000330018624501210021924600460034026000470038630000280043344000340046165000390049565000290053465100490056312891186OSt20230620162541.0020812s1999 enka 000 0 eng d a 2002442716 a0850926262 a(OCoLC)ocm44819589 aWCLcWCLdDLC alccopycat af-sa---00a324.96bCOM2 aCommonwealth Observer Group.14aThe national and provincial elections in South Africa, 2 June 1999 /cthe report of the Commonwealth Observer Group.30aReport of the Commonwealth Observer Group aLondon :bCommonwealth Secretariat,c1999. a67 p. :bill. ;c30 cm. 0aCommonwealth Observer reports 0aElection monitoringzSouth Africa. 0aElectionszSouth Africa. 0aSouth AfricaxPolitics and governmenty1994-